00422nam a2200181Ia 4500008004100000020001800041050001400059100001700073245003700090245002000127260001500147260001600162260000900178300001500187300002000202300001000222500000800232170918s9999 xx 000 0 und d a9780545484343 bM643 2013 aMiles, Ellen aKitty corner : guide to kittens/ cby Ellen Miles. aNew York : bScholastic, c2013 a80 pages : billustrations ; c19cm. a900